(Szak)nyelv és (de)konstrukció [absztrakt] /

Elmentve itt :
Bibliográfiai részletek
Szerző: Kadák Enriko
Testületi szerző: Országos Tudományos Diákköri Konferencia (37.)
Dokumentumtípus: Könyv része
Megjelent: Szegedi Tudományegyetem Bölcsészet- és Társadalomtudományi Kar Szeged 2025
Sorozat:Országos Tudományos Diákköri Konferencia : Humán Tudományi Szekció
Kulcsszavak:Irodalomelmélet - előadáskivonat
Tárgyszavak:
Online Access:http://acta.bibl.u-szeged.hu/87500
LEADER 00897naa a2200217 i 4500
001 acta87500
005 20250527134256.0
008 250527s2025 hu o 100 hun d
020 |a 978-963-688-043-9 
040 |a SZTE Egyetemi Kiadványok Repozitórium  |b hun 
041 |a hun 
100 1 |a Kadák Enriko 
245 1 0 |a (Szak)nyelv és (de)konstrukció   |h [elektronikus dokumentum] :  |b [absztrakt] /  |c  Kadák Enriko 
260 |a Szegedi Tudományegyetem Bölcsészet- és Társadalomtudományi Kar  |b Szeged  |c 2025 
300 |a 124 
490 0 |a Országos Tudományos Diákköri Konferencia : Humán Tudományi Szekció 
650 4 |a Bölcsészettudományok 
650 4 |a Nyelvek és irodalom 
695 |a Irodalomelmélet - előadáskivonat 
710 |a Országos Tudományos Diákköri Konferencia (37.)  |c Szeged 
856 4 0 |u http://acta.bibl.u-szeged.hu/87500/1/otdk_2025_human_124.pdf  |z Dokumentum-elérés